000 00822nam a22002297a 4500
003 UA-OsUOA
001 49816
007 ta
008 20140128b un ||||| |||| 00| 0 ukr d
090 _a082
_bУ45
942 _cBK
040 _aUA-OsUOA
_bukr
_cUA-OsUOA
_dUA-OsUOA
245 _aУкраїнська генеалогія: теорія, методологія, історія та практика
_bМатеріали І генеалогічних читань пам'яті Вадима Модзалевського
300 _a165 с.
955 _a1
041 _aukr
080 _a082
260 _aК.
_c1996
650 7 _a08 Видання. Колективні праці
_2UDC
999 _c429937
_d429937